000 01364cam a22002651i 4500
003 SA-RiAUC
005 20251228070737.0
008 251124s1987 tu a g i000r0dara c
040 _aSA-RiAUC
_bara
_cSA-RiAUC
_erda
082 0 4 _a745.6191079
090 _a745.6191079
_bل ج ن
110 _aاللجنة الدولية للحفاظ على التراث الحضاري الإسلامي (إسطنبول، تركيا)
_eمؤلف
245 0 0 _aكتالوج اللوحات الفائزة في المسابقة الدولية الأولى في فن الخط باسم الخطاط حامد الآمدي /
_cإعداد محمد التميمي ؛ إشراف أكمل الدين إحسان أوغلو.
264 1 _aإسطنبول، تركيا :
_bاللجنة الدولية للحفاظ على التراث الحضاري الإسلامي،
_c1987
300 _a64 صفحة :
_bإيضاحيات ؛
_c23 سم
336 _aنص
_btxt
_2rdacontent
_3كتاب
337 _aبدون وسيط
_bn
_2rdamedia
338 _aمجلد
_bnc
_2rdacarrier
600 1 7 _aالآمدي، حامد،
_d1891-1982
_2aucnm
650 7 _aالخط العربي
_xمسابقات
_2aucsh
700 1 _aالتميمي، محمد
_eمعد.
700 1 _aإحسان أوغلي، أكمل الدين،
_d1943-
_eمشرف.
942 _2ddc
_cBOOK
_n0
949 _aSA-JeALM
_d251124
_umohamedma123
_n1
999 _c13731
_d13731